Date brevet histoire - Statistiques

Statistiques générales
  • Ce quiz a été pris 2 750 fois
  • Le résultat moyen est 3 sur 33
Statistiques - réponses
Date Evenement % Correct
28 juin 1914 Assassinat de François Ferdinand
99%
11 novembre 1918 Armistice
64%
1917 révolution russe
24%
1919 Traité de Versailles
24%
9 novembre 1989 Chute du mur de Berlin
12%
Aout 1914 Début première Guerre Mondiale
11%
18 juin 1940 Appel du Général De Gaulle
8%
1915-1916 Génocide Arméniens
6%
Septembre 1939 Début Seconde Guerre Mondiale
5%
1954-1962 Guerre d'Algérie
5%
1950-53 Guerre de Corée
3%
1935 Lois de Nuremberg
3%
1957 Traité de Rome
2%
1848-49 Blocus de Berlin
1%
1961 construction du mur de Berlin
1%
1962 Crise de Cuba
1%
1947 Plan Marshall
1%
Aout 1945 Bombe atomique sur Hiroshima
0%
Mai 1945 Capitulation Allemande (fin de la guerre en Europe
0%
1945 Création de la Sécurité Sociale en France
0%
1944 Droit de vote des femmes en France
0%
1991 fin de l'URSS et de la Guerre Froide
0%
Janvier 1933 Hitler chancelier en Allemagne
0%
1929 krask boursier au USA
0%
1941 l'Allemagne attaque l'URSS
0%
6 Juin 1944 Les alliés débarquent en Normandie
0%
1936 Lois sociales du Front Populaire
0%
1981-85 relance de la Guerre Froide
0%
1990 Réunification allemande
0%
11 septembre 2011 série d'attentats contre les Etats-Unis
0%
1928 Staline devient maitre de l'urss
0%
1992 Traité de Maastritcht
0%
1947-1958 V-ème république
0%
Aucun quiz correspondant
Distribution des résultats
% des personnes avec chaque résultat
Percentile par nombre de réponses
Votre historique - résultats
Vous n’avez pas pris ce quiz